DATABASE SYSTEM (Record no. 48)

MARC details
000 -LEADER
fixed length control field 00340nam a22001097a 4500
008 - FIXED-LENGTH DATA ELEMENTS--GENERAL INFORMATION
fixed length control field 150818b xxu||||| |||| 00| 0 eng d
020 ## - INTERNATIONAL STANDARD BOOK NUMBER
International Standard Book Number 000000002279
082 ## -
Classification number 005.74 RIC
100 ## - MAIN ENTRY--PERSONAL NAME
Personal name RICARDO, CATHERINE M.
245 ## - TITLE STATEMENT
Title DATABASE SYSTEM
Remainder of title PRINCIPLES,DESIGN AND IMPLEMENTATION
260 ## - PUBLICATION, DISTRIBUTION, ETC. (IMPRINT)
Place of publication, distribution, etc. NEW ROCHELLE
Name of publisher, distributor, etc. MACMILLAN PUBLISHING COMPANY,NEW YORK
Date of publication, distribution, etc. 1990

No items available.

IRDP © 2021 :: Managed by ICT Team